UITU Library & LRC     

To Implement Online Database Systems Over Two Location &to Provide Database Connectivity Between Them Over WAN, Using Oracle Cold Fusion Cisco Routers & Switching (Record no. 31676)

MARC details
000 -LEADER
fixed length control field 00714nam a2200145Ia 4500
008 - FIXED-LENGTH DATA ELEMENTS--GENERAL INFORMATION
fixed length control field 260210s9999 xx 000 0 und d
024 ## - OTHER STANDARD IDENTIFIER
Standard number or code 99B-039-BS3, 99B-003-BS3 & 99B-029-BS3
082 ## - DEWEY DECIMAL CLASSIFICATION NUMBER
Classification number 005.7585072 NAU
100 ## - MAIN ENTRY--PERSONAL NAME
Personal name Nouman Adnan Agha , Omer Farooq Paracha & Tariq Nayab
245 #0 - TITLE STATEMENT
Title To Implement Online Database Systems Over Two Location &to Provide Database Connectivity Between Them Over WAN, Using Oracle Cold Fusion Cisco Routers & Switching
260 ## - PUBLICATION, DISTRIBUTION, ETC.
Place of publication, distribution, etc. Karachi:
Name of publisher, distributor, etc. UITU,
Date of publication, distribution, etc. 1999
600 ## - SUBJECT ADDED ENTRY--PERSONAL NAME
Personal name Computer Science
650 ## - SUBJECT ADDED ENTRY--TOPICAL TERM
Topical term or geographic name entry element Bachelor of Computer Science (BS)
856 ## - ELECTRONIC LOCATION AND ACCESS
Uniform Resource Identifier <a href="https://drive.google.com/file/d/1jsYDV7sVX_PRGhKwZVW32W0OB-lugNne/view?usp=sharing">https://drive.google.com/file/d/1jsYDV7sVX_PRGhKwZVW32W0OB-lugNne/view?usp=sharing</a>
Link text Click here to online reading

No items available.

Powered by Koha